| 000 | 01902nam a2200253Ia 4500 | ||
|---|---|---|---|
| 003 | Ost | ||
| 005 | 20260507075452.0 | ||
| 008 | 260507s9999||||xx |||||||||||||| ||und|| | ||
| 040 | _cfsecg | ||
| 041 | _aara | ||
| 082 | _a658.1 | ||
| 100 |
_aحريم، حسين محمود _eمؤلف |
||
| 245 | 0 |
_aتصميم الهيكل التنظيمي و اجراءات العمل / _c حسين محمود حريم |
|
| 250 | _aطبعة 3 | ||
| 260 |
_aعمان: _bدار و مكتبة الحامد للنشر و التوزيع, _c2006 |
||
| 300 |
_a390 صفحة؛ _c24 سم |
||
| 520 | _aيعرض هذا الكتاب محتوياته كالتالي : الفصل الأول:ماهية المنظمة / الفصل الثاني:الهيكل التنظيمي وفاعلية المنظمة / الفصل الثالث: تصميم الهيكل التنظيمي,تصميم العمل / الفصل الرابع: تصميم الهيكل التنظيمي , تكوين الوحدات التنظيمية / الفصل الخامس: تصميم الهيكل التنظيمي , تحديد السلطات والمسؤوليات / الفصل السادس: تصميم الهيكل التنظيمي , علاقات السلطات / الفصل السابع: تصميم الهيكل التنظيمي , تحقيق التنسيق والربط بين الوحدات المختلفة / الفصل الثامن : محددات تصميم الهيكل التنظيمي / الفصل التاسع:نماذج الهيكل التنظيمي / الفصل العاشر: ادارة النزاع التنظيمي / الفصل الحادي عشر : التغيير التنظيمي / الفصل الثاني عشر: مراحل دورة حياة المنظمة / | ||
| 653 | _aادارة اعمال | ||
| 653 | _aالادارة | ||
| 653 | _aالتنظيم | ||
| 653 | _aالعمل | ||
| 653 | _aتصميم المنظمة | ||
| 942 | _cكتاب | ||
| 999 |
_c44637 _d44637 |
||